¿Hacia el fin de las utopías? (Record no. 79561)

MARC details
000 -CABECERA
campo de control de longitud fija 00513nam a2200193 a 4500
005 - FECHA Y HORA DE LA ÚLTIMA TRANSACCIÓN
campo de control 20210219153537.0
008 - ELEMENTOS DE LONGITUD FIJA--INFORMACIÓN GENERAL
campo de control de longitud fija 991125n 000 0 spa u
035 ## - NÚMERO DE CONTROL DEL SISTEMA
Número de control de sistema UPN01000105613
100 ## - ASIENTO PRINCIPAL--NOMBRE PERSONAL
Nombre de persona MARTIN DEL CAMPO, David
222 ## - TÍTULO CLAVE
Título clave REVISTA CONAFE
245 ## - MENCIÓN DE TÍTULO
Título ¿Hacia el fin de las utopías?
300 ## - DESCRIPCIÓN FÍSICA
Extensión 40-43
362 ## - FECHAS DE PUBLICACIÓN Y/O DESIGNACIÓN SECUENCIAL
Fecha de publicación y/o designación secuencial 1992 No. 6, abr.-jun.
653 0# - TERMINO DE INDIZACION - NO CONTROLADO
Término no controlado DESARROLLO CIENTIFICO Y TECNOLOGICO
653 0# - TERMINO DE INDIZACION - NO CONTROLADO
Término no controlado FILOSOFIA
653 0# - TERMINO DE INDIZACION - NO CONTROLADO
Término no controlado FILOSOFIA EDUCATIVA
904 ## - ELEMENTOS DE DATOS D LOCAL, LDD (RLIN)
a AC
b 043424
905 ## - TIPO DE MATERIAL
Tipo de material Articulo

No items available.